[Event "20th Bunratty Masters"]
[Site "Bunratty IRL"]
[Date "2013.03.01"]
[Round "1.2"]
[White "Baburin, Alexander"]
[Black "Van Der Zwet, Bart"]
[Result "1-0"]
[WhiteTitle "GM"]
[WhiteElo "2534"]
[BlackElo "2085"]
[WhiteFideId "2500914"]
[BlackFideId "1004204"]
[EventDate "2013.03.01"]

1. d4 e6 2. c4 Nf6 3. Nc3 d5 4. cxd5 exd5 5. Bg5 c6 6. e3 Bd6 7. Bd3 Nbd7 8. Nf3
O-O 9. Qc2 h6 10. Bh4 Re8 11. O-O a6 12. Rfe1 Qa5 13. a3 c5 14. b4 cxb4 15. axb4
Qc7 16. Qb3 g5 17. Bg3 Bxg3 18. hxg3 Qd6 19. Nd2 Kg7 20. Qb2 Nb6 21. e4 Qd8 22.
e5 Nh7 23. b5 a5 24. Nb3 Nc4 25. Qe2 Be6 26. Nc5 Qb6 27. Nxd5 Bxd5 28. Bxc4 Rad8
29. Rad1 Nf8 30. Ne4 Re7 31. Nf6 Bxc4 32. Qxc4 Rc7 33. Qb3 Qe6 34. d5 Qf5 35.
Rd3 Ng6 36. Rf3 Qc2 37. Qxc2 Rxc2 38. e6 fxe6 39. dxe6 Rc7 40. b6 Re7 41. Nh5+
Kg8 42. Rf6 Nf8 43. f4 gxf4 44. gxf4 Rd5 45. f5 Nh7 46. Rc1 Ng5 47. Rc8+ Kh7 48.
Rff8 Nf7 49. Nf6+ Kg7 50. Nxd5 1-0

[Event "20th Bunratty Masters"]
[Site "Bunratty IRL"]
[Date "2013.03.01"]
[Round "1.3"]
[White "O'Connor, Jonathan"]
[Black "Short, Nigel D"]
[Result "0-1"]
[BlackTitle "GM"]
[WhiteElo "2124"]
[BlackElo "2697"]
[WhiteFideId "2501112"]
[BlackFideId "400025"]
[EventDate "2013.03.01"]

1. d4 e6 2. e4 d5 3. Nc3 Bb4 4. e5 c5 5. a3 Bxc3+ 6. bxc3 Qc7 7. Qg4 f5 8. Qg3
Nc6 9. Nf3 c4 10. Be2 b5 11. Rb1 Rb8 12. a4 b4 13. cxb4 Rxb4 14. Rxb4 Nxb4 15.
c3 Nd3+ 16. Bxd3 cxd3 17. O-O h6 18. Qg6+ Qf7 19. Qxf7+ Kxf7 20. Rd1 Ne7 21. Ba3
Bd7 22. a5 Rb8 23. h4 Nc6 24. Bc5 Rb5 25. Rxd3 Rxa5 26. Rd1 Bc8 27. Rb1 Ra2 28.
Rb3 Kg6 29. Ra3 Rxa3 30. Bxa3 a5 31. Bc5 Ba6 32. Nd2 f4 33. g4 h5 34. g5 a4 35.
f3 Bd3 36. Kf2 Kf7 37. Ke1 Bc2 38. Ke2 Ne7 0-1

[Event "20th Bunratty Masters"]
[Site "Bunratty IRL"]
[Date "2013.03.02"]
[Round "2.2"]
[White "Short, Nigel D"]
[Black "Rawlinson, Aidan M"]
[Result "1-0"]
[WhiteTitle "GM"]
[WhiteElo "2697"]
[BlackElo "2171"]
[WhiteFideId "400025"]
[BlackFideId "413496"]
[EventDate "2013.03.01"]

1. e4 g6 2. d4 Bg7 3. Nf3 d6 4. Bc4 Nf6 5. Qe2 O-O 6. h3 c5 7. e5 Ne8 8. c3 Nc7
9. dxc5 dxc5 10. Na3 Be6 11. O-O Bxc4 12. Nxc4 Ne6 13. a4 Qc7 14. Nh2 Re8 15. f4
Nc6 16. f5 gxf5 17. Rxf5 Nf8 18. Ng4 Ng6 19. Bh6 Bh8 20. Raf1 e6 21. Rxf7 1-0

[Event "20th Bunratty Masters"]
[Site "Bunratty IRL"]
[Date "2013.03.02"]
[Round "3.1"]
[White "Adams, Michael"]
[Black "Pein, Malcolm"]
[Result "1-0"]
[WhiteTitle "GM"]
[BlackTitle "IM"]
[WhiteElo "2727"]
[BlackElo "2378"]
[WhiteFideId "400041"]
[BlackFideId "400289"]
[EventDate "2013.03.01"]

1. d4 Nf6 2. c4 e6 3. Nf3 d5 4. g3 Be7 5. Bg2 O-O 6. Bf4 c5 7. dxc5 Bxc5 8. O-O
Nc6 9. Nbd2 Qe7 10. Nb3 Bb6 11. Ne5 Nxe5 12. Bxe5 Ng4 13. Bc3 dxc4 14. Nd2 Rd8
15. e3 Nf6 16. Qc2 Nd5 17. Nxc4 Bc7 18. Be5 b5 19. Bxc7 Qxc7 20. Na3 Qb6 21.
Rfc1 Bb7 22. Qc5 Qxc5 23. Rxc5 a6 24. Rac1 Rd7 25. Nc2 Kf8 26. Nd4 Nb4 27. Rd1
Bxg2 28. Kxg2 Rd5 29. Rxd5 Nxd5 30. Rc1 e5 31. Nf3 f6 32. Nd2 Nb4 33. Rc7 Nxa2
34. Ne4 Nb4 35. g4 Nd5 36. Rd7 Nb6 37. Rb7 Nc4 38. b4 Rd8 39. Ra7 Rd3 40. h4 Rb3
41. Nc5 Rxb4 42. Ne6+ Ke8 43. Nxg7+ Kd8 44. Ne6+ Kc8 45. Rxh7 Rb2 46. h5 Nxe3+
47. Kf3 Nxg4 48. Kxg4 Rxf2 49. Rc7+ Kb8 50. h6 Rh2 51. h7 b4 52. Rf7 a5 53. Nc5 1-0

[Event "20th Bunratty Masters"]
[Site "Bunratty IRL"]
[Date "2013.03.02"]
[Round "3.3"]
[White "Bates, Richard A"]
[Black "Short, Nigel D"]
[Result "1/2-1/2"]
[WhiteTitle "IM"]
[BlackTitle "GM"]
[WhiteElo "2377"]
[BlackElo "2697"]
[WhiteFideId "403555"]
[BlackFideId "400025"]
[EventDate "2013.03.01"]

1. d4 e6 2. Nf3 c5 3. g3 cxd4 4. Nxd4 Qb6 5. Bg2 Bc5 6. e3 Nc6 7. O-O Nf6 8. c4
Nxd4 9. exd4 Bxd4 10. Nc3 Be5 11. Nb5 O-O 12. Be3 Qa5 13. Qe2 Bb8 14. c5 d5 15.
cxd6 a6 16. Na3 Nd5 17. Nc4 Qb5 18. a4 Qb4 19. Bd2 Qc5 20. b4 Qc6 21. Be3 Bxd6
22. Nxd6 Qxd6 23. Bc5 Qd8 24. Bxf8 Qxf8 25. b5 Bd7 26. Rfc1 Qd6 27. Rab1 axb5
28. axb5 h6 29. Qd2 Rd8 30. Rd1 Be8 31. Bxd5 exd5 32. Qd4 b6 33. h4 f6 34. Rd2
Qc7 35. Qb4 Bg6 36. Re1 Be4 37. Qb3 Kh8 38. Kh2 Qc5 39. f3 Bf5 40. g4 Bg6 41. h5
Be8 42. Qe3 Bxb5 43. Qe7 Qxe7 44. Rxe7 Bc4 45. Kg3 b5 46. Rb7 d4 47. Kf4 d3 48.
Ke3 Kg8 49. Rd1 Kf8 50. Ra1 d2 51. Rd1 Rd3+ 52. Ke4 Kg8 53. Rb8+ Kh7 54. f4 Rd7
55. Ke3 Rd3+ 56. Ke4 Rd6 57. Ke3 Rd3+ 58. Ke4 1/2-1/2

[Event "20th Bunratty Masters"]
[Site "Bunratty IRL"]
[Date "2013.03.02"]
[Round "4.1"]
[White "Rendle, Thomas E"]
[Black "Adams, Michael"]
[Result "0-1"]
[WhiteTitle "IM"]
[BlackTitle "GM"]
[WhiteElo "2374"]
[BlackElo "2727"]
[WhiteFideId "408760"]
[BlackFideId "400041"]
[EventDate "2013.03.01"]

1. e4 e5 2. Nf3 Nc6 3. Bb5 a6 4. Ba4 d6 5. c3 Nf6 6. Qe2 Bd7 7. O-O g6 8. d4 Bg7
9. Bxc6 Bxc6 10. dxe5 Nxe4 11. exd6 O-O 12. dxc7 Qxc7 13. Na3 Rfe8 14. Be3 b5
15. Rfe1 Bb7 16. Nc2 Nd6 17. Nd2 Nf5 18. Qg4 h5 19. Qh3 Bf6 20. Nd4 Nxe3 21.
Rxe3 Bg5 22. Rxe8+ Rxe8 23. Nf1 Bf6 24. Qd3 0-1

[Event "20th Bunratty Masters"]
[Site "Bunratty IRL"]
[Date "2013.03.02"]
[Round "4.2"]
[White "Aguera Naredo, Javier"]
[Black "Trent, Lawrence"]
[Result "1-0"]
[WhiteTitle "FM"]
[BlackTitle "IM"]
[WhiteElo "2390"]
[BlackElo "2427"]
[WhiteFideId "2204169"]
[BlackFideId "408638"]
[EventDate "2013.03.01"]

1. e4 e5 2. Nf3 Nc6 3. Bb5 a6 4. Ba4 Nf6 5. O-O b5 6. Bb3 Bc5 7. d3 d6 8. c3 h6
9. Re1 O-O 10. Nbd2 Be6 11. Bc2 Ng4 12. Re2 Bxf2+ 13. Rxf2 Ne3 14. Qe2 Nxc2 15.
Rb1 Bxa2 16. b4 Bxb1 17. Nxb1 Na1 18. Qa2 a5 19. Qxa1 axb4 20. Qb2 d5 21. cxb4
d4 22. Rc2 Qd6 23. Rc5 Ra4 24. Bd2 Qe6 25. Na3 Rfa8 26. Nc2 R8a6 27. Rxb5 Ra2
28. Qb1 f6 29. Rd5 Ra7 30. h3 Kh7 1-0

[Event "20th Bunratty Masters"]
[Site "Bunratty IRL"]
[Date "2013.03.02"]
[Round "4.3"]
[White "Short, Nigel D"]
[Black "McPhillips, Joseph"]
[Result "1/2-1/2"]
[WhiteTitle "GM"]
[WhiteElo "2697"]
[BlackElo "2161"]
[WhiteFideId "400025"]
[BlackFideId "422487"]
[EventDate "2013.03.01"]

1. e4 e6 2. d4 d5 3. Nc3 Nc6 4. Nf3 Nf6 5. exd5 exd5 6. Bb5 Bb4 7. O-O O-O 8.
Bxc6 bxc6 9. Ne5 Qd6 10. Re1 Re8 11. Bf4 Bxc3 12. bxc3 Bf5 13. a4 c5 14. Nd3 Qc6
15. Nxc5 Nd7 16. Be3 Nxc5 17. dxc5 h6 18. f3 Re7 19. Ra2 Rae8 20. Qd2 Qg6 21.
Kf2 Qh5 22. Kg1 Qg6 23. Kf2 Qh5 24. Kg1 Qg6 1/2-1/2

[Event "20th Bunratty Masters"]
[Site "Bunratty IRL"]
[Date "2013.03.03"]
[Round "5.1"]
[White "Adams, Michael"]
[Black "Aguera Naredo, Javier"]
[Result "1-0"]
[WhiteTitle "GM"]
[BlackTitle "FM"]
[WhiteElo "2727"]
[BlackElo "2390"]
[WhiteFideId "400041"]
[BlackFideId "2204169"]
[EventDate "2013.03.01"]

1. e4 d6 2. d4 Nf6 3. Nc3 g6 4. Be3 c6 5. Qd2 Nbd7 6. Nf3 e5 7. Bc4 b5 8. dxe5
dxe5 9. Bb3 Bb4 10. Bh6 Nxe4 11. Qe3 Nd6 12. Nxe5 Nxe5 13. Qxe5+ Qe7 14. Bg7 Rg8
15. O-O-O Qxe5 16. Bxe5 Nc4 17. Bxc4 bxc4 18. Ne4 Ke7 19. c3 Ba5 20. Bf6+ Ke6
21. Rd6+ Kf5 22. Ng3+ 1-0

[Event "20th Bunratty Masters"]
[Site "Bunratty IRL"]
[Date "2013.03.03"]
[Round "5.2"]
[White "Short, Philip M"]
[Black "Short, Nigel D"]
[Result "0-1"]
[WhiteTitle "FM"]
[BlackTitle "GM"]
[WhiteElo "2260"]
[BlackElo "2697"]
[WhiteFideId "2500086"]
[BlackFideId "400025"]
[EventDate "2013.03.01"]

1. d4 e6 2. c4 b6 3. Nf3 Bb7 4. g3 Bb4+ 5. Nbd2 Bxf3 6. exf3 Ne7 7. a3 Bxd2+ 8.
Bxd2 Nbc6 9. Be3 d5 10. Rc1 O-O 11. Bg2 Na5 12. cxd5 exd5 13. Qc2 Nc4 14. O-O c6
15. Rfe1 Qd7 16. Re2 a5 17. Rce1 a4 18. Bg5 Nc8 19. h4 h6 20. Bf4 N8d6 21. Bxd6
Qxd6 22. Re7 b5 23. Bf1 Rac8 24. Qc3 Rc7 25. Rxc7 Qxc7 26. Qb4 Qd6 27. Qxd6 Nxd6
28. Re7 Nf5 29. Rb7 Nxd4 30. Kg2 h5 31. Bd3 Re8 0-1

[Event "20th Bunratty Masters"]
[Site "Bunratty IRL"]
[Date "2013.03.03"]
[Round "5.3"]
[White "Bates, Richard A"]
[Black "Rendle, Thomas E"]
[Result "1-0"]
[WhiteTitle "IM"]
[BlackTitle "IM"]
[WhiteElo "2377"]
[BlackElo "2374"]
[WhiteFideId "403555"]
[BlackFideId "408760"]
[EventDate "2013.03.01"]

1. d4 f5 2. g3 Nf6 3. Bg2 g6 4. Nf3 Bg7 5. O-O O-O 6. b3 d6 7. Bb2 c6 8. Nbd2
Na6 9. Ne1 Qc7 10. Nd3 Re8 11. e4 e5 12. dxe5 dxe5 13. Re1 f4 14. gxf4 exf4 15.
e5 Nh5 16. Ne4 Rf8 17. Bf3 Rf5 18. Bg4 Qd8 19. Bxf5 Bxf5 20. Qf3 Qh4 21. Nf6+
Nxf6 22. exf6 Bxf6 23. Bxf6 Qxf6 24. Qxf4 Rf8 25. Rad1 Nc7 26. Qxc7 Bxd3 27. Qg3
Bxc2 28. Rd7 Bf5 29. Rxb7 Be6 30. Rxa7 Bd5 31. Rae7 Qb2 32. Re8 Rxe8 33. Rxe8+
Kf7 34. Re1 Qxa2 35. Qf4+ 1-0

[Event "20th Bunratty Masters"]
[Site "Bunratty IRL"]
[Date "2013.03.03"]
[Round "6.2"]
[White "McPhillips, Joseph"]
[Black "Wall, Gavin"]
[Result "1/2-1/2"]
[BlackTitle "IM"]
[WhiteElo "2161"]
[BlackElo "2340"]
[WhiteFideId "422487"]
[BlackFideId "2501244"]
[EventDate "2013.03.01"]

1. e4 e5 2. Nf3 d6 3. Bc4 Be7 4. d4 exd4 5. Nxd4 Nf6 6. Nc3 O-O 7. O-O a6 8. Re1
c5 9. Nf5 Bxf5 10. exf5 b5 11. Bd5 Ra7 12. Bf3 Nbd7 13. Bf4 Nb6 14. Nd5 Nfxd5
15. Bxd5 Bf6 16. c3 Be5 17. Bg3 Re7 18. Bh4 Bxh2+ 19. Kxh2 Rxe1 20. Qg4 h5 21.
Qg3 Qxh4+ 22. Qxh4 Rxa1 23. f6 Nxd5 24. fxg7 Re8 25. Qxh5 Kxg7 26. Qg5+ Kh7 27.
Qh5+ Kg7 28. Qg5+ Kh7 29. Qh5+ 1/2-1/2

[Event "20th Bunratty Masters"]
[Site "Bunratty IRL"]
[Date "2013.03.03"]
[Round "6.3"]
[White "Short, Nigel D"]
[Black "Baburin, Alexander"]
[Result "1-0"]
[WhiteTitle "GM"]
[BlackTitle "GM"]
[WhiteElo "2697"]
[BlackElo "2534"]
[WhiteFideId "400025"]
[BlackFideId "2500914"]
[EventDate "2013.03.01"]

1. e4 Nf6 2. e5 Nd5 3. d4 d6 4. Nf3 dxe5 5. Nxe5 c6 6. Bd3 g6 7. O-O Bg7 8. Re1
O-O 9. a3 Nd7 10. Nf3 b5 11. Nbd2 Qc7 12. c4 bxc4 13. Bxc4 N7b6 14. Ba2 c5 15.
dxc5 Qxc5 16. Ne4 Qc6 17. Bg5 Bxb2 18. Rb1 Bg7 19. Rc1 Qd7 20. Nc5 Qd8 21. Bxe7
Nxe7 22. Qxd8 Rxd8 23. Rxe7 Rf8 24. Ng5 Bf6 25. Rxf7 Rxf7 26. Nxf7 Bb2 27. Ng5+
Kg7 28. Nce6+ Bxe6 29. Nxe6+ Kh8 30. Rc7 Rc8 31. Rxc8+ Nxc8 32. a4 a5 33. Kf1
Nd6 34. Ke2 Ne4 35. Bb3 Ba3 36. Bc2 Nc5 37. Nd4 Bb2 38. Nc6 Bc3 39. f4 Kg7 40.
Ne7 Kf7 41. Nd5 Bd4 42. Ne3 Bc3 43. g4 Kg7 44. Kf3 Bd2 45. Nc4 Bc3 46. g5 h6 47.
gxh6+ Kxh6 48. Ne5 Kg7 49. h4 Kf6 50. Nxg6 Nxa4 51. h5 Nc5 52. h6 a4 53. h7 Kf7
54. f5 a3 55. Bb1 Bg7 56. Kg4 Na4 57. Ba2+ Kf6 58. Nf4 Bh8 59. Nh5+ Ke7 60. f6+
Kf8 61. Kf5 Nc3 62. Nf4 1-0